| 000 | 00673pam a2200193 a 4500 | ||
|---|---|---|---|
| 005 | 20250901165601.0 | ||
| 008 | 841109r19851965nyua b 001 0 eng | ||
| 010 | _a 84025922 | ||
| 020 | _a0486648702 (pbk.) | ||
| 050 | 0 | 0 |
_aQC173.55 .A37 1985 _b.A37 1985 |
| 082 | 0 | 0 |
_a530.1/1 _219 |
| 100 | 1 | _aAharoni, J. | |
| 245 | 1 | 4 |
_aThe special theory of relativity / _cby J. Aharoni. |
| 260 |
_aNew York, N.Y. : _bDover Publications, _c1985, c1965. |
||
| 300 |
_ax, 331 p. : _bill. ; _c22 cm. |
||
| 500 | _aReprint. Originally published: 2nd ed., rev. London : Oxford University Press, 1965. | ||
| 500 | _aIncludes index. | ||
| 942 |
_2lcc _hQC173.55 .A37 1985 |
||
| 999 |
_c6238 _d6238 |
||